Workers in an integrating world / (Record no. 8618)
[ view plain ]
| 000 -LEADER | |
|---|---|
| fixed length control field | 00854cam a2200289 a 4500 |
| 001 - CONTROL NUMBER | |
| JCCL Control Number | 8618 |
| 003 - CONTROL NUMBER IDENTIFIER | |
| JCCL marc code | BD-JhCC |
| 005 - DATE AND TIME OF LATEST TRANSACTION | |
| control field | 20180925115624.0 |
| 008 - FIXED-LENGTH DATA ELEMENTS--GENERAL INFORMATION | |
| fixed length control field | 020528s1995 dcu | |||| ||eng|| |
| 020 ## - INTERNATIONAL STANDARD BOOK NUMBER | |
| International Standard Book Number | 0195211022 |
| 020 ## - INTERNATIONAL STANDARD BOOK NUMBER | |
| International Standard Book Number | 0195211030 |
| 029 ## - (OCLC) | |
| OCLC library identifier | 107184 |
| 035 ## - SYSTEM CONTROL NUMBER | |
| system control number | CONN460160 |
| 035 ## - SYSTEM CONTROL NUMBER | |
| system control number | (BD-JhCC)8618 |
| 035 ## - SYSTEM CONTROL NUMBER | |
| system control number | 374278 |
| 040 ## - CATALOGING SOURCE | |
| Original cataloging agency | BD-JhCC |
| Modifying agency | BD-JhCC |
| 041 ## - LANGUAGE CODE | |
| Language code of Book | eng |
| 082 ## - DEWEY DECIMAL CLASSIFICATION NUMBER | |
| Author mark and Year | WOR 1995 |
| Classification number | 338.9109049 |
| 110 2# - MAIN ENTRY--CORPORATE NAME | |
| Corporate name or jurisdiction name as entry element | World Development Report |
| Number of part/section/meeting | (1995) |
| 245 10 - TITLE STATEMENT | |
| Title | Workers in an integrating world / |
| 260 ## - PUBLICATION, DISTRIBUTION, ETC. (IMPRINT) | |
| Place of publication, distribution, etc | Washington, D.C. : |
| Name of publisher, distributor, etc | The International Bank for Reconstruction and Development/The World Bank ; |
| Place of publication, distribution, etc | New York : |
| Name of publisher, distributor, etc | Oxford University Press, |
| Date of publication, distribution, etc | c1995. |
| 300 ## - PHYSICAL DESCRIPTION | |
| Pagination | ix, 251p ; |
| Dimensions | 28cm. |
| 650 #0 - SUBJECT ADDED ENTRY--TOPICAL TERM | |
| Topical term or geographic name as entry element | Labor laws and legislation, International. |
| 650 #0 - SUBJECT ADDED ENTRY--TOPICAL TERM | |
| Topical term or geographic name as entry element | Quality of work life. |
| 942 ## - ADDED ENTRY ELEMENTS (KOHA) | |
| Source of classification or shelving scheme | Dewey Decimal Classification |
| Koha item type | Books |
| Source of classification or shelving scheme | Damaged status | Not for loan | Home library | Current library | Shelving location | Total Checkouts | Full call number | Barcode | Date last seen | Copy number | Koha item type |
|---|---|---|---|---|---|---|---|---|---|---|---|
| Dewey Decimal Classification | JCC Rouf Library | JCC Rouf Library | General Stacks | 338.9109049 WOR 1995 | 11390 | 02/28/2018 | C - 1 | Books |